| 000 | 01129nam a2200325 i 4500 | ||
|---|---|---|---|
| 001 | 000009293 | ||
| 003 | DO-SdBNP | ||
| 005 | 20260306102306.0 | ||
| 007 | ta | ||
| 008 | 090929s1952 dr r 000 p spa d | ||
| 040 |
_aDO-SdBNP _bspa _cBNPHU _erda |
||
| 041 | _aspa | ||
| 082 | 7 | 4 |
_a861.408 _bM632f _222 |
| 100 | 1 |
_aMieses Burgos, Franklin, _d1907-1976 _eautor _4aut. _91952 |
|
| 245 | 1 | 0 |
_aAntología / _cselección y prólogo, Freddy Gaton Arce. |
| 264 | 1 |
_aCiudad Trujillo, República Dominicana : _bLibrería Dominicana, _c1952. |
|
| 300 |
_a161 páginas ; _c19 cm. |
||
| 336 |
_atexto _btxt _2rdacontent |
||
| 337 |
_asin mediación _bn _2rdamedia |
||
| 338 |
_avolumen _bnc _2rdacarrier |
||
| 490 | 1 | _aPensamiento dominicano | |
| 500 | _aIncluye notas al pie de las páginas. | ||
| 590 | _aInventariado, 2020/MFF | ||
| 600 | 1 | 0 |
_aMieses Burgos, Franklin, _d1907-1976 _xCrítica e interpretación _91952 |
| 650 | 0 |
_aPoesía dominicana _966 |
|
| 650 | 0 |
_aLiteratura dominicana. _967 |
|
| 700 | 1 |
_aGatón Arce, Freddy, _d1920-1994 _eprologuista _4pr. _97946 |
|
| 910 | _aValidado. Control de calidad MFF | ||
| 942 |
_2ddc _cLBS1 |
||
| 999 |
_c9054 _d9054 |
||